LEADER 02404 am 2200481 n 450 001 9910496012503321 005 20240104030651.0 010 $a2-251-91416-1 024 7 $a10.4000/books.lesbelleslettres.6724 035 $a(CKB)4100000011966002 035 $a(FrMaCLE)OB-lesbelleslettres-6724 035 $a(PPN)256384444 035 $a(EXLCZ)994100000011966002 100 $a20210628j|||||||| ||| 0 101 0 $afre 135 $auu||||||m|||| 200 02$aL?Alimentation et la cuisine à Rome$fJacques André 210 $aParis$cLes Belles Lettres$d2021 215 $a1 online resource (256 p.) 311 $a2-251-32875-0 330 $aOn connaît beaucoup de choses sur la civilisation romaine mais ce sont souvent les aspects les plus concrets que nous connaissons le moins. Une question aussi triviale que celle de savoir comment les Romains se nourrissaient n?entrait pas dans les préoccupations des auteurs et même, si nous nous tournons vers la littérature, nous risquons d?avoir une idée fausse de la cuisine romaine. Le festin de Trimalcion, dans le Satiricon de Pétrone, est une orgie qui n?a rien à voir avec les repas habituels des Romains et le seul livre de recettes que nous ayons, celui d?Apicius, privilégie les mets rares et recherchés. C?est pourquoi Jacques André, en philologue minutieux, a-t-il glané à travers l?ensemble de la littérature antique les renseignements sur ce que, concrètement, le Romain de base était susceptible de manger. Seul un érudit de la classe de celui qui, jusqu?à sa disparition en 1994, forma, par son enseignement à l?École Pratique des Hautes Études, des générations de latinistes à la lecture et à l?édition des textes était capable de constituer une telle somme. 606 $aClassics 606 $aHistory 606 $aanimaux 606 $acuisine 606 $abanquet 606 $aarbres, plantes 606 $aéchanges commerciaux 606 $aPétrone 615 4$aClassics 615 4$aHistory 615 4$aanimaux 615 4$acuisine 615 4$abanquet 615 4$aarbres, plantes 615 4$aéchanges commerciaux 615 4$aPétrone 700 $aAndré$b Jacques$0386628 801 0$bFR-FrMaCLE 906 $aBOOK 912 $a9910496012503321 996 $aAlimentation et la cuisine à Rome$9484320 997 $aUNINA LEADER 01148nam 2200325z- 450 001 9910694392103321 005 20070426085430.0 035 $a(CKB)5860000000033365 035 $a(BIP)014105951 035 $a(EXLCZ)995860000000033365 100 $a20220406c2007uuuu -u- - 101 0 $aeng 200 10$aRussia $eback to the future : hearing before the Committee on Foreign Relations, United States Senate, One Hundred Ninth Congress, second session, June 29, 2006 215 $a1 online resource (iii, 41 p.) 311 $a0-16-078434-4 517 $aRussia 606 $aDemocracy$zRussia (Federation) 607 $aRussia (Federation)$xPolitics and government$y1991- 607 $aUnited States$xForeign relations$zRussia (Federation) 607 $aRussia (Federation)$xForeign relations$zUnited States 610 $aDemocracy 610 $aRussia (federation) 610 $aUnited States 610 $aPolitical science 615 0$aDemocracy 712 02$aUnited States, Congress Senate Committee on Foreign Relations Staff,$4oth 906 $aBOOK 912 $a9910694392103321 996 $aRussia$9168897 997 $aUNINA LEADER 03971nam 22004453 450 001 9910163341503321 005 20251215120347.0 010 $a1-63339-285-6 035 $a(CKB)3710000001046471 035 $a(VLeBooks)9781633392854 035 $a(Exl-AI)993710000001046471 035 $a(MiAaPQ)EBC32453736 035 $a(Au-PeEL)EBL32453736 035 $a(EXLCZ)993710000001046471 100 $a20251215d2014 uy 0 101 0 $apor 135 $aurcnu|||||||| 181 $ctxt$2rdacontent 182 $cc$2rdamedia 183 $acr$2rdacarrier 200 10$aCadeia de Hábitos 205 $a1st ed. 210 1$aFargo :$cS.J. SCOTT,$d2014. 210 4$d©2014. 215 $a1 online resource (93 p.) 330 $aDESCUBRA: como incluir DEZENAS de mudancas positivas em sua rotina diariaVoce quer melhorar a sua vida, mas nao tem tempo suficiente? Neste exato instante, voce pode facilmente pensar em dezenas de maneiras de melhorar instantaneamente sua vida. E e grande a probabilidade de que essas ideias so demorem alguns minutos cada uma para ser concluidas. O problema? Voce pode sentir que nao ha tempo suficiente para realizar todas elas. Voce pode encontrar a solucao utilizando o poder da cadeia de habitos.Uma rotina + Multiplos habitos = Cadeia de habitosTodos nos sabemos que nao e facil adicionar dezenas de novos habitos ao seu dia. Mas o que voce pode nao ter percebido e que e bem facil construir uma unica nova rotina. A essencia da cadeia de habitos consiste em fazer uma serie de pequenas mudancas (como comer uma fruta ou enviar uma mensagem de texto para alguem especial) e construir um ritual a ser acompanhado diariamente.A cadeia de habitos funciona porque voce elimina o estresse de tentar mudar muitas coisas ao mesmo tempo. Seu objetivo e simplesmente se concentrar em uma unica rotina, que leva apenas cerca de 15 a 30 minutos para ser concluida. Dentro dessa rotina, ha uma serie de acoes (ou pequenas mudancas). Tudo o que voce precisa fazer e criar uma lista de verificacao e segui-la todos os dias. Essa e a essencia da cadeia de habitos. APRENDA: 97 habitos simples que podem mudar sua vidaNeste livro, voce vai descobrir 97 habitos rapidos que podem melhorar a sua vida instantaneamente. Alem disso, voce descobrira como criar uma rotina simples (gerenciada por uma lista de verificacao) que voce repetira diariamente. E, para melhorar, voce vai descobrir algumas ferramentas para manter a motivacao e o afinco. Portanto, mesmo que voce esteja completamente estressado, voce ainda encontrara tempo e energia para completar esses habitos rapidos regularmente.Ao praticar dezenas de pequenos habitos diariamente, voce sera capaz de dar saltos gigantes em seus negocios, fortalecer suas relacoes pessoais, controlar suas financas, organizar-se e melhorar sua saude.O livro Cadeia de Habitos contem um catalogo de ideias. Voce vai aprender:Como a cadeia de habitos o ajuda a realizar DIVERSAS pequenas mudancasOs 8 elementos de uma rotina baseada na cadeia de habitosDois exemplos de rotina com base na cadeia de habitosOs 8 passos para a construcao de uma rotina de habitosProdutividade (Mudancas 1 a 17)Relacionamentos (Mudancas 18 a 31)Financas (Mudancas 32 a 44)Organizacao (Mudancas 45 a 60)Espiritualidade e bem-estar mental (Mudancas 61 a 75)Saude e aptidao fisica (Mudancas 76 a 85)Lazer (Mudancas 86 a 97)Interrupcoes e desafios da cadeia de habitos: o que fazer?Voce gostaria de saber mais?Baixe o livro e comece a construir habitos poderosos em seu dia. 606 $aSelf-help techniques$7Generated by AI 606 $aTime management$7Generated by AI 615 0$aSelf-help techniques 615 0$aTime management 700 $aScott$b S. j 701 $aScott$b S.j$01746812 701 $aLeal$b Mayara$01746813 801 0$bMiAaPQ 801 1$bMiAaPQ 801 2$bMiAaPQ 906 $aBOOK 912 $a9910163341503321 996 $aCadeia de Hábitos$94473016 997 $aUNINA